Cambridge companion to American women playwrights. (Record no. 155660)
[ view plain ]
| 000 -LEADER | |
|---|---|
| fixed length control field | 00570nam a2200205Ia 4500 |
| 003 - CONTROL NUMBER IDENTIFIER | |
| control field | OSt |
| 005 - DATE AND TIME OF LATEST TRANSACTION | |
| control field | 20230323101838.0 |
| 008 - FIXED-LENGTH DATA ELEMENTS--GENERAL INFORMATION | |
| fixed length control field | 210423s1999 xx 000 0 und d |
| 020 ## - INTERNATIONAL STANDARD BOOK NUMBER | |
| International Standard Book Number | 521556457 |
| 040 ## - CATALOGING SOURCE | |
| Transcribing agency | AL |
| 041 ## - LANGUAGE CODE | |
| Language code of text/sound track or separate title | eng |
| 082 ## - DEWEY DECIMAL CLASSIFICATION NUMBER | |
| Classification number | 812.009 |
| Edition number | 23 |
| Item number | MURB |
| 100 ## - MAIN ENTRY--PERSONAL NAME | |
| Personal name | MURPHY (Brenda),Ed. |
| 9 (RLIN) | 76817 |
| 245 ## - TITLE STATEMENT | |
| Title | Cambridge companion to American women playwrights. |
| 260 ## - PUBLICATION, DISTRIBUTION, ETC. | |
| Place of publication, distribution, etc. | UK |
| Name of publisher, distributor, etc. | Cambridge University Press |
| Date of publication, distribution, etc. | 1999 |
| 300 ## - PHYSICAL DESCRIPTION | |
| Extent | xxxviii,285 |
| Other physical details | PB |
| 365 ## - TRADE PRICE | |
| Price amount | 395 |
| Currency code | INR |
| 906 ## - LOCAL DATA ELEMENT F, LDF (RLIN) | |
| a | American ; Cambridge ; companion ; playwrights ; women |
| 942 ## - ADDED ENTRY ELEMENTS (KOHA) | |
| Source of classification or shelving scheme | Dewey Decimal Classification |
| Koha item type | Book |
| Withdrawn status | Lost status | Damaged status | Not for loan | Collection code | Home library | Current library | Date acquired | Source of acquisition | Cost, normal purchase price | Total Checkouts | Full call number | Barcode | Date last seen | Price effective from | Koha item type |
|---|---|---|---|---|---|---|---|---|---|---|---|---|---|---|---|
| MA English | St Aloysius PG Library | St Aloysius PG Library | 07/22/2008 | Sita Book House | 395.00 | 812.009 MURB | PG002132 | 08/24/2022 | 04/26/2021 | Reference |